| 000 | 03186nam a22005297a 4500 | ||
|---|---|---|---|
| 001 | BRCA_9222 | ||
| 003 | FranzMayer | ||
| 005 | 20220921133212.0 | ||
| 008 | 220908b |||||||| |||| 00| 0 eng d | ||
| 010 | _a2021950512 | ||
| 020 | _a9781636810201 | ||
| 040 |
_bspa _cMFM |
||
| 041 | 1 | _aeng | |
| 050 | 0 | 0 |
_aN6502.2 _b.A73 2022 |
| 245 | 0 | 0 |
_aArchive of the world : _bArt and imagination in Spanish America, 1500-1800 : Highlights from LACMA's Collection / _hed. Ilona Katzew |
| 260 |
_aLos Angeles, California : _bLos Angeles County Museum of Art, _c2022 |
||
| 260 |
_aNew York, New York : _bDelmonico Books / D.A.P., _c2022 |
||
| 300 |
_a391 p. : _bil., mapas, fot. ; _c23.5 x 28.5 cm. |
||
| 500 | _aUbicación: L60-N2 | ||
| 500 | U | _aIncluye imagen de la Colección Museo Franz Mayer (p. 312) | |
| 500 | _aÍndice: p. 5 | ||
| 500 | _aPublicado con motivo de la exposición del mismo nombre celebrada en Los Angeles County Museum of Art (LACMA), del 12 de junio al 23 de octubre de 2022, y en el Frist Art Museum, Nashville, del 20 de octubre de 2023 al 28 de enero de 2024. | ||
| 504 | _aBibliografía: pp. 370-382 | ||
| 520 | 8 | _aEste libro representa el primer estudio completo de las notables colecciones de arte hispanoamericano de LACMA. Tras la llegada de los españoles a las Américas en el siglo XV, la región desarrolló tradiciones artísticas complejas que se inspiraron simultáneamente en el arte indígena, europeo, asiático y africano. En 1565 los españoles conquistaron Filipinas, inaugurando una nueva ruta comercial que conectaba Asia, Europa y América. Las casas particulares y las instituciones cívicas y eclesiásticas de Hispanoamérica se llenaron de objetos importados y de fabricación local. Esta confluencia de riquezas marcó el estatus de las Américas como un importante centro comercial, lo que un autor contemporáneo describió como “el archivo del mundo”. | |
| 610 | 2 | 0 |
_aLos Angeles County Museum of Art. _94619 _vExposiciones |
| 650 | 0 |
_aArte colonial español _zLatinoamerica _vExposiciones _928510 |
|
| 650 | 0 |
_aArte colonial _zLatinoamerica _vExposiciones _928511 |
|
| 700 | 1 |
_aKatzew, Ilona, _eeditor, _etraductor _94648 |
|
| 700 | 1 |
_aAmador Marrero, Pablo F. _q(Pablo Francisco), _ecolaborador _928520 |
|
| 700 | 1 |
_aMartínez, Rafael, _ecolaborador _928521 |
|
| 700 | 1 |
_aDíaz Cayeros, Patricia, _ecolaborador _99104 |
|
| 700 | 1 |
_aDuarte, Carlos F., _ecolaborador _92686 |
|
| 700 | 1 |
_aEsguerra, Clarissa M., _ecolaborador _928522 |
|
| 700 | 1 |
_aEsteras Martín, Cristina, _ecolaborador |
|
| 700 | 1 |
_aFlores Enríquez, Alejandra Mayela, _ecolaborador _920986 |
|
| 700 | 1 |
_aHyman, Aaron M., _d1984- _ecolaborador _928523 |
|
| 700 | 1 |
_aKaplan, Rachel, _ecolaborador _928524 |
|
| 700 | 1 |
_aMues Orts, Paula, _ecolaborador _922524 |
|
| 700 | 1 |
_aPeterson, Jeanette Favrot, _ecolaborador _928525 |
|
| 700 | 1 |
_aPhipps, Elena, _ecolaborador _921036 |
|
| 700 | 1 |
_aReyes, JoAnna M., _ecolaborador _928526 |
|
| 700 | 1 |
_aStanfield-Mazzi, Maya Selama, _d1972- _ecolaborador _921091 |
|
| 700 | 1 |
_aSullivan, Edward J., _ecolaborador _96613 |
|
| 700 | 1 |
_aWuffarden, Luis Eduardo, _ecolaborador _928527 |
|
| 942 |
_2lcc _cB |
||
| 999 |
_c10841 _d10841 |
||